Gases - Sudden Death! - Statistics

General Stats
  • This quiz has been taken 163 times
  • The average score is 15 of 22
Answers on the Grid
Answers color-coded by a green-red scale on the quiz's grid according to % correct below.
Carbon dioxide
Nitrogen
Oxygen
Ozone
Neon
Helium
Xenon
Styrofoam
Sulfur
Methane
Permafrost
Water
Propane
Chlorine
Ethanol
Carbon monoxide
Nitrous oxide
Ammonia
Argon
Radon
Butane
Hydrogen sulfide
Nitric oxide
Hydrogen
Olive oil
Rubbing alcohol
Krypton
Cornstarch
Egg whites
Snow
Arsine
Sulfur hexafluoride
 
Answer Stats
Answer % Correct
Helium
88%
Oxygen
85%
Carbon dioxide
84%
Nitrogen
83%
Hydrogen
79%
Carbon monoxide
78%
Argon
77%
Methane
77%
Ozone
74%
Propane
74%
Xenon
72%
Butane
71%
Nitrous oxide
71%
Neon
70%
Radon
65%
Nitric oxide
63%
Chlorine
62%
Hydrogen sulfide
57%
Sulfur hexafluoride
55%
Krypton
53%
Ammonia
49%
Arsine
24%
No matching quizzes found
Score Distribution
Percent of People with Each Score
Percentile by Number Answered
Your Score History
You have not taken this quiz